| 000 | 00722nam a2200229Ia 4500 | ||
|---|---|---|---|
| 003 | GCL | ||
| 008 | 140319s9999 xx 000 0 ara d | ||
| 040 |
_aGCL / _cGCL |
||
| 082 | 0 | 4 |
_a910.132 _bم ج |
| 100 | 1 | _aمحمد عبدالغنى سعودى | |
| 245 | 1 | 0 |
_aالجغرافيا والمشكلات الدولية / _cمحمد عبدالغنى سعودى |
| 300 | _a543 ص | ||
| 490 | _a | ||
| 650 | 0 | 4 | _aالسياسة الدولية |
| 650 | 0 | 4 | _aالجغرافيا |
| 650 | 0 | 4 | _aالاستعمار |
| 650 | 0 | 4 | _aالجغرافيا البشرية |
| 650 | 0 | 4 | _aالحدود السياسية |
| 650 | 0 | 4 | _aالجغرافيا السياسية |
| 650 | 0 | 4 | _aالمياه الاقليمية |
| 942 |
_2ddc _cBK |
||
| 999 |
_c39148 _d39148 |
||